[Event "4NCL/Div1/WGR1 vs. SLO1"]
[Site "Telford ENG"]
[Date "2004.01.18"]
[Round "4.6"]
[White "Dearing, Eddie"]
[Black "Ward, Christopher"]
[Result "1/2-1/2"]
[WhiteElo "2376"]
[BlackElo "2522"]
[PlyCount "92"]
[EventDate "2004.01.18"]

1. c4 b6 2. Nc3 Bb7 3. Nf3 e6 4. g3 Bxf3 5. exf3 h5 6. Bg2 c5 7. d4 cxd4 8.
Qxd4 Nc6 9. Qd3 Rc8 10. f4 h4 11. O-O hxg3 12. hxg3 Nb4 13. Qe2 Nh6 14. b3 Nf5
15. Bb2 Qf6 16. Ne4 Qh6 17. Rfd1 Be7 18. a3 Nc6 19. b4 d6 20. Rd3 a5 21. Bc3
Rc7 22. Qb2 Qh2+ 23. Kf1 O-O 24. Bf3 axb4 25. axb4 Ra7 26. Rxa7 Nxa7 27. Qa1
Nc8 28. Qa6 Qh7 29. Rd1 Qg6 30. Qb7 e5 31. fxe5 dxe5 32. Bxe5 Bxb4 33. Rd7 Re8
34. Bf4 {(=)} 34... Nfd6 35. Nxd6 Nxd6 36. Bxd6 Bxd6 37. Bd5 Qb1+ 38. Kg2 Re1
39. Rxf7 Rg1+ 40. Kh2 Kh8 41. Rf5 Qxf5 42. Kxg1 Bc5 43. Qa8+ Qf8 44. Qxf8+ Bxf8
45. f4 Bc5+ 46. Kg2 g5 1/2-1/2

[Event "4NCL/Div1/WGR1 vs. SLO1"]
[Site "Telford ENG"]
[Date "2004.01.18"]
[Round "4.7"]
[White "Emms, John M"]
[Black "Devereaux, Maxim"]
[Result "0-1"]
[WhiteElo "2501"]
[BlackElo "2331"]
[PlyCount "80"]
[EventDate "2004.01.18"]

1. e4 c5 2. Nf3 Nc6 3. Nc3 e5 4. Bc4 Be7 5. d3 d6 6. O-O a6 7. a3 Be6 8. Nd5 b5
9. Ba2 h6 10. c3 Nf6 11. b4 Bg4 12. h3 Bh5 13. Be3 Rc8 14. bxc5 dxc5 15. Nxf6+
gxf6 16. g4 Qd7 17. Nh4 Bg6 18. Bd5 h5 19. f3 hxg4 20. Nxg6 Rxh3 21. Bxc6 Rxc6
22. Nxe7 Kxe7 23. Kf2 Rxf3+ 24. Ke2 f5 25. Rxf3 gxf3+ 26. Kd2 fxe4 27. Kc2
Qxd3+ 28. Qxd3 exd3+ 29. Kxd3 f5 30. a4 c4+ 31. Kc2 Rg6 32. axb5 Rg2+ 33. Kd1
axb5 34. Ra6 f4 35. Bc5+ Kf7 36. Rb6 e4 37. Bd4 e3 38. Rf6+ Ke7 39. Rxf4 Rg1+
40. Kc2 f2 0-1

[Event "4NCL/Div1/WGR1 vs. SLO1"]
[Site "Telford ENG"]
[Date "2004.01.18"]
[Round "4.8"]
[White "Smith, Andrew P"]
[Black "Hunt, Harriet"]
[Result "1-0"]
[WhiteElo "2198"]
[BlackElo "2392"]
[PlyCount "47"]
[EventDate "2004.01.18"]

1. e4 c5 2. Nf3 d6 3. d4 cxd4 4. Nxd4 Nf6 5. Nc3 a6 6. Bg5 e6 7. Be2 Be7 8. Qd3
Nbd7 9. f4 h6 10. Bh4 g5 11. fxg5 Ne5 12. Qd2 Nfg4 13. Bxg4 Nxg4 14. Nf3 Rg8
15. O-O-O hxg5 16. Bg3 e5 17. Nd5 Bf8 18. Rhf1 Be6 19. h3 Bxd5 20. exd5 Nf6 21.
Nxe5 dxe5 22. Bxe5 Nd7 23. Rde1 Nxe5 24. Rxe5+ 1-0

[Event "4NCL/Div1/BAR2 vs. WWKS"]
[Site "Telford ENG"]
[Date "2004.01.18"]
[Round "4.1"]
[White "Collinson, Adam"]
[Black "Hynes, Anthony"]
[Result "1/2-1/2"]
[WhiteElo "2391"]
[BlackElo "2289"]
[PlyCount "31"]
[EventDate "2004.01.18"]

1. e4 e5 2. Nf3 Nc6 3. Nc3 Nf6 4. Bb5 Bc5 5. Bxc6 dxc6 6. d3 h6 7. h3 O-O 8.
Ne2 Qe7 9. Ng3 Nh7 10. O-O a5 11. a4 Re8 12. Be3 Nf8 13. Qd2 Bd6 14. Nh2 Ng6
15. Ne2 f5 16. exf5 1/2-1/2

[Event "4NCL/Div1/BAR2 vs. WWKS"]
[Site "Telford ENG"]
[Date "2004.01.18"]
[Round "4.2"]
[White "Thomas, Nicholas"]
[Black "Trent, Lawrence"]
[Result "1/2-1/2"]
[WhiteElo "2263"]
[BlackElo "2377"]
[PlyCount "43"]
[EventDate "2004.01.18"]

1. e4 c5 2. Nc3 Nc6 3. g3 g6 4. Bg2 Bg7 5. d3 d6 6. f4 Nf6 7. Nf3 O-O 8. Be3 d5
9. e5 d4 10. exf6 Bxf6 11. Bd2 dxc3 12. Bxc3 Bxc3+ 13. bxc3 Qd6 14. O-O Rb8 15.
Qe2 Bg4 16. h3 Bxf3 17. Bxf3 Rfe8 18. Rfe1 Qf6 19. Bxc6 Qxc6 20. Qe4 Rbc8 21.
Rab1 b6 22. Qxc6 1/2-1/2

[Event "4NCL/Div1/BAR2 vs. WWKS"]
[Site "Telford ENG"]
[Date "2004.01.18"]
[Round "4.3"]
[White "Taylor, Martin R"]
[Black "James, Russell A"]
[Result "1-0"]
[WhiteElo "2332"]
[BlackElo "2209"]
[PlyCount "111"]
[EventDate "2004.01.18"]

1. c4 f5 2. g3 Nf6 3. Bg2 e6 4. Nf3 Be7 5. O-O O-O 6. d4 d6 7. b3 Qe8 8. Bb2
Qh5 9. e3 Nbd7 10. Nbd2 g5 11. Ne1 Qh6 12. e4 fxe4 13. Nxe4 Nxe4 14. Bxe4 Nf6
15. Bg2 c6 16. Qe2 e5 17. f3 Nd7 18. Nd3 Bf6 19. dxe5 dxe5 20. Nxe5 Nxe5 21.
Bxe5 Bxe5 22. Qxe5 Qf6 23. Rae1 Bf5 24. f4 Qxe5 25. Rxe5 gxf4 26. Rxf4 Bb1 27.
Rxf8+ Kxf8 28. Re2 Rd8 29. Kf2 Rd6 30. Be4 Bxe4 31. Rxe4 Rd2+ 32. Re2 Rd3 33.
Kg2 a5 34. Kh3 Rd4 35. Rf2+ Kg8 36. Rb2 b5 37. cxb5 cxb5 38. g4 b4 39. Kh4 Kg7
40. Rc2 Rd5 41. g5 Rd3 42. Rc7+ Kg6 43. Rc6+ Kg7 44. Ra6 Rd2 45. h3 Rxa2 46.
Kh5 Rh2 47. h4 Rh3 48. Rxa5 Rxb3 49. Ra7+ Kg8 50. Kh6 Ra3 51. Rg7+ Kf8 52. Rb7
Rh3 53. h5 b3 54. Rxh7 Rc3 55. g6 Rc6 56. Rb7 1-0

[Event "4NCL/Div1/BAR2 vs. WWKS"]
[Site "Telford ENG"]
[Date "2004.01.18"]
[Round "4.4"]
[White "Wu, Li"]
[Black "Woodward, Timothy D M"]
[Result "1/2-1/2"]
[WhiteElo "2167"]
[BlackElo "2344"]
[PlyCount "46"]
[EventDate "2004.01.18"]

1. d4 d5 2. c4 c6 3. Nf3 Nf6 4. Nc3 dxc4 5. a4 Bf5 6. Ne5 Nbd7 7. Nxc4 Qc7 8.
g3 e5 9. dxe5 Nxe5 10. Bf4 Nfd7 11. Bg2 g5 12. Nxe5 gxf4 13. Nxd7 O-O-O 14. Qd4
Qxd7 15. Qxf4 Bd6 16. Qc1 Kb8 17. O-O Qe7 18. e4 Be6 19. Qe3 f6 20. Rfe1 Bc5
21. Qf4+ Bd6 22. Qe3 Bc5 23. Qf4+ Bd6 1/2-1/2

[Event "4NCL/Div1/BAR2 vs. WWKS"]
[Site "Telford ENG"]
[Date "2004.01.18"]
[Round "4.5"]
[White "Rogers, Jonathan W"]
[Black "Pitcher, John"]
[Result "1-0"]
[WhiteElo "2338"]
[BlackElo "2185"]
[PlyCount "57"]
[EventDate "2004.01.18"]

1. Nf3 d5 2. d4 Nf6 3. e3 c6 4. Bd3 Bg4 5. c4 a6 6. Qb3 Bxf3 7. gxf3 Qc7 8. Nc3
e6 9. Bd2 Be7 10. Rc1 dxc4 11. Bxc4 Nbd7 12. Qc2 c5 13. dxc5 Nxc5 14. Na4 Qc6
15. Nxc5 Qxc5 16. Qb3 b5 17. Bxe6 Qh5 18. Rc7 O-O 19. Rxe7 Qxf3 20. Bxf7+ Kh8
21. Rf1 Rad8 22. e4 Rd3 23. Qd1 Qg2 24. Qe2 Rfd8 25. Bd5 Qh3 26. f3 Rd4 27. Bc3
Nxd5 28. exd5 Qh4+ 29. Rf2 1-0

[Event "4NCL/Div1/BAR2 vs. WWKS"]
[Site "Telford ENG"]
[Date "2004.01.18"]
[Round "4.6"]
[White "Hunt, Malcolm A"]
[Black "Berry, Neil"]
[Result "0-1"]
[WhiteElo "1992"]
[BlackElo "2285"]
[PlyCount "96"]
[EventDate "2004.01.18"]

1. d4 d5 2. Bf4 Nf6 3. e3 c5 4. c3 Nc6 5. Nf3 Qb6 6. Qb3 c4 7. Qxb6 axb6 8.
Nbd2 b5 9. Be2 Bf5 10. O-O b4 11. Rfe1 e6 12. Nh4 bxc3 13. bxc3 Bc2 14. Rec1
Ba4 15. e4 Nxe4 16. Nxe4 dxe4 17. g4 Be7 18. Ng2 b5 19. Ne3 O-O 20. Bd1 Bxd1
21. Rxd1 Ra3 22. d5 exd5 23. Rxd5 Rxc3 24. Rxb5 Nd4 25. Rb7 Bf6 26. Bd6 Rd8 27.
Bc7 Nf3+ 28. Kg2 Re8 29. Nd5 Ra3 30. Nxf6+ gxf6 31. Bd6 Ra6 32. Rb8 Rxb8 33.
Bxb8 c3 34. a4 c2 35. Bf4 Nd4 36. Re1 Ne6 37. Be3 Rxa4 38. Rc1 Rc4 39. h4 Kf8
40. Kf1 Nc5 41. Bxc5+ Rxc5 42. Ke2 Ke7 43. Ke3 Rc4 44. Kf4 Ke6 45. g5 fxg5+ 46.
Kxg5 f6+ 47. Kh6 e3 48. fxe3 Rxh4+ 0-1

[Event "4NCL/Div1/BAR2 vs. WWKS"]
[Site "Telford ENG"]
[Date "2004.01.18"]
[Round "4.7"]
[White "Cox, John J"]
[Black "Baruch, Andrew J D"]
[Result "1-0"]
[WhiteElo "2310"]
[BlackElo "2106"]
[PlyCount "60"]
[EventDate "2004.01.18"]

1. c4 b6 2. Nf3 Nf6 3. g3 Bb7 4. Bg2 c5 5. O-O e6 6. b3 Be7 7. Bb2 O-O 8. e3
Nc6 9. Nc3 a6 10. Qe2 Re8 11. Rfd1 d6 12. d4 Bf8 13. d5 Ne7 14. Nh4 exd5 15.
cxd5 b5 16. e4 Nexd5 17. Nxd5 Nxd5 18. Qg4 Ne7 19. e5 d5 20. e6 Ra7 21. Re1 Bc8
22. exf7+ Kxf7 23. Qh5+ Kg8 24. Bxd5+ Qxd5 25. Qxd5+ Nxd5 26. Rxe8 Rc7 27. Be5
Re7 28. Rxc8 Rxe5 29. Rd1 Kf7 30. f4 Ne7 1-0

[Event "4NCL/Div1/BAR2 vs. WWKS"]
[Site "Telford ENG"]
[Date "2004.01.18"]
[Round "4.8"]
[White "Chevannes, Sabrina"]
[Black "Regan, Natasha"]
[Result "0-1"]
[WhiteElo "2052"]
[BlackElo "2202"]
[PlyCount "76"]
[EventDate "2004.01.18"]

1. d4 Nf6 2. Nf3 d5 3. c3 g6 4. Bg5 Bg7 5. e3 c5 6. Nbd2 b6 7. Bd3 O-O 8. O-O
h6 9. Bxf6 exf6 10. e4 Ba6 11. Bxa6 Nxa6 12. exd5 Qxd5 13. Qa4 Qb7 14. Rfe1
Rfd8 15. Re3 f5 16. Rae1 b5 17. Qa3 cxd4 18. cxd4 Qb6 19. h3 Nc7 20. Qb3 Bxd4
21. Nxd4 Qxd4 22. Nf3 Qd5 23. Qc3 Ne6 24. Ne5 Nf4 25. Rg3 Qd2 26. Nc6 Qxc3 27.
Rxc3 Rd2 28. Rce3 Rxb2 29. Re8+ Rxe8 30. Rxe8+ Kg7 31. Nxa7 Nd3 32. a3 Rb1+ 33.
Kh2 Nxf2 34. Rb8 f4 35. g3 fxg3+ 36. Kxg3 Ne4+ 37. Kg2 Rb3 38. a4 bxa4 0-1

[Event "4NCL/Div1/WGR2 vs. BAR1"]
[Site "Telford ENG"]
[Date "2004.01.18"]
[Round "4.1"]
[White "Littlewood, Paul E"]
[Black "Parker, Jonathan"]
[Result "0-1"]
[WhiteElo "2390"]
[BlackElo "2541"]
[PlyCount "96"]
[EventDate "2004.01.18"]

1. d4 Nf6 2. c4 e6 3. Nf3 b6 4. e3 Bb7 5. Bd3 d5 6. O-O Be7 7. b3 O-O 8. Bb2
Nbd7 9. Nc3 a6 10. Qe2 Ne4 11. Rac1 Bd6 12. a3 Qe7 13. b4 c5 14. bxc5 bxc5 15.
cxd5 exd5 16. dxc5 Ndxc5 17. Bb1 Nxc3 18. Rxc3 Ne4 19. Rb3 Rab8 20. Nd4 g6 21.
g3 a5 22. Bxe4 dxe4 23. Qb5 a4 24. Qxa4 Ra8 25. Nc6 Rxa4 26. Nxe7+ Bxe7 27.
Rxb7 Bxa3 28. Bd4 Bd6 29. Rd7 Ra6 30. Rb1 h5 31. Rb5 Rc6 32. Rbb7 Ra6 33. Kg2
Ba3 34. Kh3 Rc6 35. Kg2 Ra6 36. h4 Rc6 37. Rd5 Re8 38. g4 hxg4 39. h5 Bf8 40.
Rdd7 gxh5 41. Rxf7 h4 42. Bf6 h3+ 43. Kg3 Ree6 44. Bg5 Rc1 45. Rh7 Rg6 46. Kxg4
Rg1+ 47. Kf5 R1xg5+ 48. Kf4 Bh6 0-1

[Event "4NCL/Div1/WGR2 vs. BAR1"]
[Site "Telford ENG"]
[Date "2004.01.18"]
[Round "4.2"]
[White "Kelly, Brian"]
[Black "Sowray, Peter J"]
[Result "1-0"]
[WhiteElo "2499"]
[BlackElo "2360"]
[PlyCount "101"]
[EventDate "2004.01.18"]

1. c4 Nf6 2. Nc3 c5 3. Nf3 d5 4. cxd5 Nxd5 5. g3 Nc6 6. Bg2 Nc7 7. O-O e5 8.
Ne1 Bd7 9. Nd3 Qe7 10. b3 g6 11. Na4 b6 12. Bb2 f6 13. f4 exf4 14. Rxf4 Bg7 15.
b4 O-O 16. bxc5 Ne6 17. Rf2 b5 18. Nc3 Rab8 19. Nd5 Qd8 20. Rc1 Ned4 21. e3 Nf5
22. N3f4 Qa5 23. Qb3 Kh8 24. d4 Rbe8 25. Rd1 Qd8 26. e4 Nh6 27. Qd3 Nf7 28. Nc3
b4 29. Ncd5 Qa5 30. Ba1 Rb8 31. Ne3 Qd8 32. Nfd5 Ng5 33. Nf4 Nf7 34. Nc4 Qc7
35. Rdf1 Ne7 36. Nd5 Nxd5 37. exd5 Bb5 38. Re1 Nd6 39. cxd6 Qxc4 40. Qxc4 Bxc4
41. Rc2 Bb5 42. Rc7 Rfe8 43. Rxe8+ Rxe8 44. d7 Rf8 45. Bf1 Ba4 46. Rxa7 Bc2 47.
Bb5 Bf5 48. Rc7 Rd8 49. Rc8 Rxc8 50. dxc8=Q+ Bxc8 51. d6 1-0

[Event "4NCL/Div1/WGR2 vs. BAR1"]
[Site "Telford ENG"]
[Date "2004.01.18"]
[Round "4.3"]
[White "Martin, Andrew D"]
[Black "Knott, Simon"]
[Result "1/2-1/2"]
[WhiteElo "2429"]
[BlackElo "2370"]
[PlyCount "81"]
[EventDate "2004.01.18"]

1. d4 Nf6 2. Nf3 g6 3. Bf4 Bg7 4. e3 O-O 5. Be2 d6 6. h3 Nc6 7. O-O Bf5 8. Bh2
Re8 9. c4 e5 10. Nc3 exd4 11. exd4 Ne4 12. Nd5 h6 13. Re1 Ng5 14. Nxg5 hxg5 15.
Qd2 Nxd4 16. Bg4 Be6 17. Bxe6 Rxe6 18. Rxe6 Nxe6 19. Re1 a5 20. Bg3 a4 21. Re3
c6 22. Nc3 a3 23. b4 d5 24. cxd5 Bxc3 25. Rxc3 cxd5 26. Re3 d4 27. Re5 b6 28.
Qd3 Qd7 29. Re1 Qd5 30. Re2 b5 31. Rc2 Qf5 32. Qd1 d3 33. Rd2 Rd8 34. Qc1 Nd4
35. Qxa3 Ne2+ 36. Kh2 Nxg3 37. fxg3 Qd5 38. Qa7 Kg7 39. Qe3 Rd7 40. a3 Rd8 41.
Kg1 1/2-1/2

[Event "4NCL/Div1/WGR2 vs. BAR1"]
[Site "Telford ENG"]
[Date "2004.01.18"]
[Round "4.4"]
[White "Palliser, Richard"]
[Black "Rechel, Bernd"]
[Result "1-0"]
[WhiteElo "2399"]
[BlackElo "2420"]
[PlyCount "63"]
[EventDate "2004.01.18"]

1. d4 f5 2. Nc3 d5 3. Bf4 Nf6 4. e3 c6 5. Bd3 Be6 6. Nf3 g6 7. h4 h6 8. Ne5 Rg8
9. f3 Nbd7 10. Qd2 Nxe5 11. Bxe5 Nd7 12. Bf4 Nb6 13. O-O-O Qd7 14. Qe2 Nc4 15.
Bxc4 dxc4 16. e4 fxe4 17. Nxe4 b6 18. Rhe1 O-O-O 19. Nd2 g5 20. hxg5 hxg5 21.
Bh2 Bd5 22. Nxc4 g4 23. Ne5 Bh6+ 24. Kb1 gxf3 25. gxf3 Qb7 26. c4 Be6 27. Ka1
Bh3 28. Nf7 Rg2 29. Nxd8 Rxe2 30. Nxb7 Rxh2 31. Rxe7 Bf4 32. c5 1-0

[Event "4NCL/Div1/WGR2 vs. BAR1"]
[Site "Telford ENG"]
[Date "2004.01.18"]
[Round "4.5"]
[White "Tiller, Bjorn"]
[Black "Collins, Sam"]
[Result "1/2-1/2"]
[WhiteElo "2382"]
[BlackElo "2392"]
[PlyCount "74"]
[EventDate "2004.01.18"]

1. e4 e5 2. f4 exf4 3. Nf3 g5 4. h4 g4 5. Ne5 d6 6. Nxg4 Nf6 7. Nxf6+ Qxf6 8.
Nc3 c6 9. Be2 Nd7 10. d4 Bg7 11. Bf3 Qxd4 12. Bxf4 Qxd1+ 13. Rxd1 Ne5 14. Ne2
Be6 15. b3 O-O-O 16. Bg5 Rd7 17. Nf4 h6 18. Nxe6 fxe6 19. Be3 c5 20. Ke2 Rg8
21. Bh5 Bf6 22. g4 Nxg4 23. Rhg1 Rdg7 24. Bxg4 Rxg4 25. Rxg4 Rxg4 26. Kf3 Rxh4
27. Rxd6 Bg5 28. Bxg5 hxg5 29. Rxe6 Rh2 30. c4 Rxa2 31. Re5 b6 32. Rxg5 Ra3 33.
e5 Rxb3+ 34. Ke4 b5 35. e6 Kd8 36. Rxc5 bxc4 37. Rxc4 Ke7 1/2-1/2

[Event "4NCL/Div1/WGR2 vs. BAR1"]
[Site "Telford ENG"]
[Date "2004.01.18"]
[Round "4.6"]
[White "D'Costa, Lorin A R"]
[Black "Tan, Desmond"]
[Result "1/2-1/2"]
[WhiteElo "2351"]
[BlackElo "2332"]
[PlyCount "87"]
[EventDate "2004.01.18"]

1. d4 Nf6 2. c4 e6 3. Nf3 b6 4. a3 Ba6 5. Qc2 Bb7 6. Nc3 c5 7. e4 cxd4 8. Nxd4
Bc5 9. Nb3 Nc6 10. Bg5 h6 11. Bh4 a6 12. Rd1 Be7 13. Be2 Rc8 14. Bg3 O-O 15.
O-O Ne8 16. f4 d6 17. Bf2 Nb8 18. Nd4 Nd7 19. f5 e5 20. Nf3 Nef6 {(=)} 21. Nd2
Rc7 22. Qb1 Qb8 23. a4 Qa8 24. Bf3 Bc6 25. b3 Rb8 26. Qd3 Nc5 27. Qe2 Qb7 28.
Rc1 Ne8 29. h4 b5 30. axb5 axb5 31. b4 Nd7 32. Nb3 bxc4 33. Na5 Qc8 34. Nxc6
Rxc6 35. b5 Rc5 36. Nd5 Rxd5 37. exd5 Rxb5 38. Rxc4 Nc5 39. g4 Qb8 40. Qd2 Rb2
41. Rc2 Rb3 42. Bg2 Qd8 43. Rc3 Rb8 44. Rh3 1/2-1/2

[Event "4NCL/Div1/WGR2 vs. BAR1"]
[Site "Telford ENG"]
[Date "2004.01.18"]
[Round "4.8"]
[White "Lauterbach, Ingrid"]
[Black "Gilbert, Jessie"]
[Result "1-0"]
[WhiteElo "2171"]
[BlackElo "2122"]
[PlyCount "99"]
[EventDate "2004.01.18"]

1. e4 c6 2. d3 d5 3. Nd2 e5 4. Ngf3 Bd6 5. g3 Nf6 6. Bg2 O-O 7. O-O Re8 8. c3
Nbd7 9. Qc2 a5 10. a4 Qc7 11. Re1 Bf8 12. Nf1 dxe4 13. dxe4 Nc5 14. Bg5 Nfd7
15. Be3 b6 16. N1d2 Ba6 17. Bf1 Bxf1 18. Rxf1 Ne6 19. Ne1 Bc5 20. Bxc5 Ndxc5
21. Nc4 Rad8 {(=)} 22. Nf3 f6 23. Rfd1 Kf8 24. b4 axb4 25. cxb4 Na6 26. Qc3
Rxd1+ 27. Rxd1 Rd8 28. Rd2 Ke7 29. Kg2 b5 30. Na5 c5 31. Rxd8 Nxd8 32. axb5
Nxb4 33. Nb3 Ne6 34. Nfd2 Qb6 35. Qc4 Nc7 36. Nxc5 Qxb5 37. Qc3 Nca6 38. Nxa6
Nxa6 39. Qa3+ Kf7 40. Qd6 Nc5 41. Qd5+ Kg6 42. Nc4 Qb4 43. Nd6 Kh6 44. f3 Nb3
45. Nf5+ Kg6 46. Nh4+ Kh6 47. Nf5+ Kg6 48. Qg8 Qd2+ 49. Kh3 Qd7 50. Qxb3 1-0

[Event "4NCL/Div1/RIC vs. GUI1"]
[Site "Telford ENG"]
[Date "2004.01.18"]
[Round "4.1"]
[White "Wall, Gavin"]
[Black "Rowson, Jonathan"]
[Result "1/2-1/2"]
[WhiteElo "2413"]
[BlackElo "2547"]
[PlyCount "191"]
[EventDate "2004.01.18"]

1. e4 c5 2. Nf3 e6 3. c3 d5 4. e5 d4 5. Bd3 Bd7 6. O-O Bc6 7. Re1 g5 8. Kf1 g4
9. Ng1 Nh6 10. Be4 Bxe4 11. Rxe4 Nc6 12. d3 dxc3 13. Nxc3 Rg8 14. Nge2 Nf5 15.
Bf4 Qd7 16. Qa4 Be7 17. Rd1 O-O-O 18. Ng3 Nfd4 19. Nce2 b6 20. Nxd4 Nxd4 21.
Qa6+ Qb7 22. Qxb7+ Kxb7 23. Bd2 Bh4 24. Bc3 Bxg3 25. hxg3 Nf5 26. Ke2 h5 27.
Rc4 Rh8 28. d4 cxd4 29. Bxd4 h4 30. gxh4 Rxh4 31. Bc3 Rxd1 32. Kxd1 Rh1+ 33.
Ke2 g3 34. fxg3 Nxg3+ 35. Kf2 Nf5 36. g4 Ne7 37. Kg2 Rh7 38. a4 Nd5 39. Bd2 Rh8
40. Rc1 Rd8 41. Kg3 {(=)} 41... Ne7 42. Bb4 Rd3+ 43. Kh4 Ng6+ 44. Kg5 Nxe5 45.
Bc3 Nc4 46. Kf6 Rd7 47. Re1 Nd6 48. g5 Ne8+ 49. Ke5 Rd5+ 50. Kf4 Rf5+ 51. Kg4
Nc7 52. Be5 Nd5 53. Bg3 Kc6 54. g6 Rf6 55. gxf7 Kd7 56. a5 b5 57. a6 Rxf7 58.
Bb8 Kc8 59. Bg3 Kd7 60. Bb8 Rf2 61. Bxa7 Rf4+ 62. Kg3 Ra4 63. Kf3 Rxa6 64. Bd4
Ra4 65. Be5 Kc6 66. Bg3 Kd7 67. Be5 Rc4 68. Ra1 Nb4 69. Rd1+ Nd5 70. Ra1 Ra4
71. Rh1 Nb6 72. Rd1+ Ke7 73. Rh1 Nc4 74. Rh7+ Ke8 75. Bf6 Ra6 76. Ke4 Rc6 77.
Ra7 Nb6 78. Rb7 Rc4+ 79. Kd3 Nd5 80. Rxb5 {(=)} 80... Rg4 81. Bc3 Kd7 82. Rc5
Rg3+ 83. Kc2 Rg8 84. Ra5 Ne3+ 85. Kd3 Nf5 86. Ra7+ Kc6 87. Ra6+ Kb5 88. Ra5+
Kb6 89. Ra4 Rg3+ 90. Kc2 Kc5 91. Re4 Rg2+ 92. Kd3 Rg5 93. Bd2 Rg3+ 94. Kc2 Rg6
95. Kd3 Kd6 96. Bf4+ 1/2-1/2

[Event "4NCL/Div1/RIC vs. GUI1"]
[Site "Telford ENG"]
[Date "2004.01.18"]
[Round "4.2"]
[White "Flear, Glenn C"]
[Black "Van de Griendt, Jan W"]
[Result "1-0"]
[WhiteElo "2489"]
[BlackElo "2373"]
[PlyCount "98"]
[EventDate "2004.01.18"]

1. d4 e6 2. c4 Nf6 3. Nc3 d5 4. cxd5 exd5 5. Bg5 Be7 6. e3 Nbd7 7. Bd3 c6 8.
Qc2 h6 9. Bf4 Nb6 10. Nf3 Be6 11. O-O-O a5 12. Kb1 Nc4 13. Bxc4 dxc4 14. e4 Qc8
15. h3 O-O 16. g4 b5 17. Ne5 b4 18. Na4 Qa6 19. Rhg1 g5 20. Be3 Rac8 21. f3 Qb5
22. b3 cxb3 23. axb3 Rfd8 24. Rc1 Bd6 25. Nc4 Bf8 26. Rgd1 Nd7 27. Rd2 f6 28.
Kb2 Bf7 29. h4 gxh4 30. Rh2 Qb8 31. Rxh4 Qg3 32. Qf2 Qxf2+ 33. Bxf2 Nb8 34. Be3
Bg7 35. Nxa5 f5 36. gxf5 Bxd4+ 37. Bxd4 Rxd4 38. Rxh6 Rd2+ 39. Rc2 Rxc2+ 40.
Kxc2 Kg7 41. Rd6 Rh8 42. Nc5 Rh2+ 43. Rd2 Rh3 44. Rd8 Rh2+ 45. Kd3 Ra2 46. Rxb8
Rxa5 47. Kd4 Ra1 48. Rxb4 Rf1 49. Rb7 Rxf3 1-0

[Event "4NCL/Div1/RIC vs. GUI1"]
[Site "Telford ENG"]
[Date "2004.01.18"]
[Round "4.3"]
[White "Bates, Richard A"]
[Black "Kosten, Anthony C"]
[Result "1-0"]
[WhiteElo "2376"]
[BlackElo "2507"]
[PlyCount "139"]
[EventDate "2004.01.18"]

1. d4 Nf6 2. Nf3 e6 3. c4 Bb4+ 4. Bd2 a5 5. g3 d6 6. Bg2 Nbd7 7. O-O e5 8. Nc3
O-O 9. Qc2 c6 10. e4 exd4 11. Nxd4 Ne5 12. b3 Bc5 13. Nce2 Re8 14. Kh1 Qb6 15.
Bc3 Bg4 16. f3 Bd7 17. Qd2 d5 18. f4 Neg4 19. e5 Ne4 20. Bxe4 dxe4 21. Nc2 Red8
22. Ned4 e3 23. Nxe3 Nxe3 24. Qxe3 Bg4 25. h3 Bxh3 26. Rfd1 Bg4 27. Rd3 Rd7 28.
e6 Bxe6 29. Qe5 Bd6 30. Qh5 Bc5 31. Qe5 Bd6 32. Qh5 Bb4 33. Nxe6 Rxd3 34. Ng5
Bxc3 35. Re1 Bxe1 36. Qxf7+ Kh8 37. Qf5 Qg1+ 38. Kxg1 Rxg3+ 39. Kh2 Rxg5 40.
fxg5 Bb4 41. Qd7 Rf8 42. Qxb7 c5 43. Qe7 Kg8 44. Qe6+ Rf7 45. Qe8+ Rf8 46. Qe3
g6 47. Kg2 Rf5 48. Qc1 Re5 49. a3 Be1 50. Qf4 Bc3 51. Kh3 Rf5 52. Qb8+ Kg7 53.
Qc7+ Kg8 54. Kg4 Kh8 55. Qd8+ Kg7 56. Qe7+ Kg8 57. Qe8+ Kg7 58. Qe3 Bd4 59.
Qe7+ Rf7 60. Qd6 Rb7 61. Qa6 Rxb3 62. Qa7+ Kg8 63. Qxa5 h5+ 64. gxh6 Kh7 65.
Qc7+ Kxh6 66. a4 Ra3 67. a5 Ra4 68. Qf4+ Kh7 69. Kg5 Bg7 70. Qh4+ 1-0

[Event "4NCL/Div1/RIC vs. GUI1"]
[Site "Telford ENG"]
[Date "2004.01.18"]
[Round "4.4"]
[White "Cherniaev, Alexander"]
[Black "Hinks-Edwards, Thomas"]
[Result "1-0"]
[WhiteElo "2496"]
[BlackElo "2357"]
[PlyCount "51"]
[EventDate "2004.01.18"]

1. e4 c5 2. c3 Nf6 3. e5 Nd5 4. Nf3 e6 5. Bc4 Nb6 6. Bb3 c4 7. Bc2 Nc6 8. O-O
d5 9. exd6 Bxd6 10. d4 cxd3 11. Qxd3 Be7 12. Qe2 Qc7 13. Re1 Nd5 14. Nbd2 O-O
15. Ne4 Bd7 16. a3 Rad8 17. Neg5 Nf6 18. Qc4 b5 19. Qh4 h6 20. Bf4 hxg5 21.
Nxg5 e5 22. Bh7+ Kh8 23. Bc2+ Kg8 24. Bg3 g6 25. Qh6 Bd6 26. Re4 1-0

[Event "4NCL/Div1/RIC vs. GUI1"]
[Site "Telford ENG"]
[Date "2004.01.18"]
[Round "4.5"]
[White "Franklin, Michael J"]
[Black "Gormally, Daniel W"]
[Result "0-1"]
[WhiteElo "2224"]
[BlackElo "2471"]
[PlyCount "76"]
[EventDate "2004.01.18"]

1. d4 Nf6 2. Nf3 d5 3. e3 c5 4. c3 Qb6 5. Bd3 Bg4 6. Nbd2 Nc6 7. h3 Bh5 8. Qa4
e6 9. O-O Bd6 10. dxc5 Bxc5 11. b4 Bxe3 12. b5 Ne7 13. fxe3 Qxe3+ 14. Kh1 Qxd3
15. Ne5 Qxc3 16. Ba3 Qxe5 17. Rac1 O-O 18. Bxe7 Rfe8 19. Rce1 Ne4 20. Nxe4 dxe4
21. Rxe4 Qb2 22. Bh4 Be2 23. Rf2 Qb1+ 24. Kh2 Bxb5 25. Qd4 Qd3 26. Qb4 a5 27.
Qe1 Bc6 28. Re3 Qc4 29. Rd2 e5 30. Rg3 Re6 31. Rg4 Qc5 32. Re2 e4 33. Rg5 Qb4
34. Qc1 e3 35. Rg4 Re4 36. Be1 Qd6+ 37. Bg3 Qd3 38. Rxe4 Qxe2 0-1

[Event "4NCL/Div1/RIC vs. GUI1"]
[Site "Telford ENG"]
[Date "2004.01.18"]
[Round "4.6"]
[White "King, Daniel J"]
[Black "Nixon, Thomas C M"]
[Result "1-0"]
[WhiteElo "2497"]
[BlackElo "2209"]
[PlyCount "73"]
[EventDate "2004.01.18"]

1. e4 e5 2. Nf3 Nc6 3. Bb5 a6 4. Ba4 Nf6 5. O-O Be7 6. Re1 b5 7. Bb3 d6 8. c3
Na5 9. Bc2 c5 10. d4 Qc7 11. Nbd2 cxd4 12. cxd4 Nc6 13. d5 Nb4 14. Bb1 a5 15.
Nf1 g6 16. Bd2 Na6 17. Bd3 Bd7 18. Rc1 Qb6 19. Be3 Qb7 20. h3 O-O 21. Ng3 Ne8 {
(=)} 22. Qd2 Ng7 23. Bb1 Bd8 24. Nh2 f5 25. exf5 gxf5 26. Bh6 Nc7 27. Rcd1 Nce8
28. Nf3 e4 29. Ng5 Bf6 30. Ne6 Bxe6 31. dxe6 Be5 32. Nxf5 Rxf5 33. Bxe4 Qa7 34.
Bxf5 Nxf5 35. Rxe5 dxe5 36. Qg5+ Nfg7 37. Rd7 1-0

[Event "4NCL/Div1/RIC vs. GUI1"]
[Site "Telford ENG"]
[Date "2004.01.18"]
[Round "4.7"]
[White "Wilson, Alexandra"]
[Black "Prie, Eric"]
[Result "0-1"]
[WhiteElo "2014"]
[BlackElo "2429"]
[PlyCount "48"]
[EventDate "2004.01.18"]

1. e4 d5 2. exd5 Qxd5 3. Nc3 Qa5 4. Nf3 Nf6 5. Be2 Nc6 6. O-O Bg4 7. h3 Bh5 8.
a3 O-O-O 9. b4 Nxb4 10. Rb1 Nbd5 11. Rb5 Nxc3 12. Rxa5 Nxd1 13. Rxd1 Bxf3 14.
Bxf3 a6 15. Bb2 e6 16. Bxf6 gxf6 17. d4 c6 18. c3 Bd6 19. c4 Rd7 20. g4 h6 21.
a4 e5 22. dxe5 Bxe5 23. Rb1 Kc7 24. Be2 Ra8 0-1

[Event "4NCL/Div1/MMNWE1 vs. BET"]
[Site "Telford ENG"]
[Date "2004.01.18"]
[Round "4.2"]
[White "Williams, Simon K"]
[Black "Ghasi, Ameet K"]
[Result "1-0"]
[WhiteElo "2396"]
[BlackElo "2344"]
[PlyCount "79"]
[EventDate "2004.01.18"]

1. d4 Nf6 2. c4 g6 3. Nc3 Bg7 4. e4 d6 5. Nf3 O-O 6. Be2 Bg4 7. Be3 Nfd7 8. Qd2
a6 9. Bh6 c6 10. h4 Nf6 11. Ng1 Bxe2 12. Ngxe2 e5 13. Bxg7 Kxg7 14. h5 Nbd7 15.
O-O-O b5 16. hxg6 fxg6 17. c5 Kg8 18. Qh6 Rf7 19. f3 exd4 20. Nxd4 dxc5 21. Ne6
Qe7 22. Ng5 Rg7 23. f4 c4 24. e5 Ng4 25. Qh4 Ne3 26. Rd2 Nc5 27. Qh3 b4 28.
Qxe3 bxc3 29. Qxc3 Rf8 30. Qxc4+ Kh8 31. g4 Rb8 32. Rdh2 Rb4 33. Qe2 Kg8 34.
Rxh7 Rxh7 35. Rxh7 Nd3+ 36. Kb1 Nxf4 37. Rxe7 Nxe2 38. Re6 Rxg4 39. Rxg6+ Kf8
40. Nh7+ 1-0